Window server 2008 terminal services resources kit / (Record no. 37485)

MARC details
000 -LEADER
fixed length control field 00752nam a22002057a 4500
005 - DATE AND TIME OF LATEST TRANSACTION
control field 20100724105020.0
010 ## - LCCN (DPL NO)
LC control number ENG-96550
020 ## - INTERNATIONAL STANDARD BOOK NUMBER
International Standard Book Number 9788120337992
Terms of availability 495.00
035 ## - SYSTEM CONTROL NUMBER
System control number EN-80083
037 ## - SOURCE OF ACQUISITION
Source of stock number/acquisition DBAD/PUB
082 ## - DEWEY DECIMAL CLASSIFICATION NUMBER
Classification number 005.44
100 ## - MAIN ENTRY--PERSONAL NAME
Personal name Anderson, Chirsta
245 ## - TITLE STATEMENT
Title Window server 2008 terminal services resources kit /
Statement of responsibility, etc by Christa Anderson [and] Kristin L. Griffin
260 ## - PUBLICATION, DISTRIBUTION, ETC. (IMPRINT)
Place of publication, distribution, etc New Delhi
Name of publisher, distributor, etc PHI Learning
Date of publication, distribution, etc 2009
270 ## - ADDRESS
Address M-97, Cannaugt Circus, New Delhi-110001
City New Delhi
300 ## - PHYSICAL DESCRIPTION
Extent xxiii, 497p.
Dimensions 23cm (pbk)
Accompanying material CD
700 ## - ADDED ENTRY--PERSONAL NAME
Personal name Griffin, Kristin L.
9 (RLIN) 1146
942 ## - ADDED ENTRY ELEMENTS (KOHA)
Source of classification or shelving scheme Dewey Decimal Classification
Item type English Books
Call number suffix AND
Classification part 005.44
Holdings
Withdrawn status Lost status Not for loan Collection code Home library Current library Date acquired Source of acquisition Cost, normal purchase price Full call number Barcode Copy number Cost, replacement price Koha item type
    Not For Loan Non-fiction D.B.Act.Division D.B.Act.Division 24/07/2010 DBAD/PUB 495.00 AND EN-80083 1 495.00 English Books

© Delhi Public Library
Hit Counter
free hit counter